000 00498nam a2200205 a 4500
001 000013475
003 DO-SdBNP
005 20221130104914.0
007 ta
008 091125s dr b 000 0 spa d
040 _aDO-SdBNP
_bspa
_cBNPHU
082 _axxxx
_bG943
_222
100 1 _930791
245 1 0 _aGuía de Santo Domingo :
260 _aSanto Domingo :
_b[s.n],
_c1900?
300 _a36 p. :
_bmaps. ;
_c22 cm.
590 _aInventariado, 2022 / DG
910 _aDG
942 _2ddc
_cLF2
999 _c53037
_d53037